000 00456nam a22001697a 4500
003 OSt
005 20230412070018.0
008 230412b |||||||| |||| 00| 0 eng d
015 _29789966134035
040 _aSEKU
050 _aBL 240
_b.W36
100 _aWambunya, Tim
245 _aBig issues : impacting the growth of God's church / perception from the Anglican Church
300 _a580p.:
650 _2Big issues
_xGod's Church
942 _2lcc
_cGEN
999 _c18292
_d18292